[Event "XXVII. Rhein-Main-Open, Gruppe B"]
[Site "Bad Homburg vor der Höhe"]
[Date "2025.06.21"]
[Round "6.8"]
[White "Aechtner, Folke"]
[Black "Tsiapouris, Michael"]
[Result "0-1"]
[WhiteElo "1741"]
[BlackElo "1882"]
[PlyCount "86"]
[EventDate "2025.06.18"]
[BlackTeam "SK Rochade Augsburg"]

1. e4 d6 2. d4 Nf6 3. Nc3 g6 4. h3 Bg7 5. Be3 c6 6. Qd2 Qa5 7. Nf3 Nbd7 8. Bd3 b5 9. Ne2 Qxd2+ 10. Bxd2 a6 11. c3 e5 12. Rc1 Bb7 13. Be3 O-O 14. Nd2 Rfe8 15. O-O d5 16. f3 Rac8 17. b3 c5 18. dxc5 Nxc5 19. Bxc5 Rxc5 20. b4 Rcc8 21. exd5 Bh6 22. f4 Bxd5 23. a4 e4 24. Bxb5 axb5 25. axb5 e3 26. Nf3 Bc4 27. Nfd4 Rb8 28. g3 Bxe2 29. Nxe2 Rxb5 30. Nd4 Rbb8 31. Nc6 Rb6 32. Ne5 Nd5 33. Rfd1 Rxe5 34. fxe5 e2 35. Rxd5 Bxc1 36. Kf2 Rc6 37. Kxe2 Rxc3 38. Rc5 Rxc5 39. bxc5 Bg5 40. Kf3 Kf8 41. Ke4 Bd8 42. Kd5 Ke7 43. c6 Bc7 0-1

[Event "XXVII. Rhein-Main-Open, Gruppe B"]
[Site "Bad Homburg vor der Höhe"]
[Date "2025.06.21"]
[Round "6.10"]
[White "Hofmann, Werner"]
[Black "Reinhardt, Anton"]
[Result "1/2-1/2"]
[WhiteElo "1780"]
[BlackElo "1824"]
[PlyCount "75"]
[EventDate "2025.06.18"]
[WhiteTeam "SV 1920 Kelsterbach"]
[BlackTeam "Sabt Frankfurter TV 1860"]

1. d4 d5 2. e3 c5 3. c3 cxd4 4. exd4 Bf5 5. f4 Nf6 6. Nf3 Nc6 7. Be2 e6 8. O-O Be7 9. Nbd2 O-O 10. Ne5 Nxe5 11. fxe5 Ne4 12. Nxe4 Bxe4 13. Bd3 Bg6 14. Bxg6 hxg6 15. Qg4 b5 16. Bd2 Rb8 17. b4 a5 18. a3 Qc7 19. Qe2 Rfc8 20. Rfb1 Qc4 21. Qxc4 Rxc4 22. Kf2 Ra8 23. Ke2 f6 24. exf6 gxf6 25. Kd3 e5 26. Re1 Bd6 27. g3 axb4 28. axb4 Rxa1 29. Rxa1 exd4 30. cxd4 Bxb4 31. Bxb4 Rxb4 32. Ra5 Rb2 33. Kc3 Rxh2 34. Rxb5 Rh5 35. Kd2 Kf7 36. Ke2 Ke6 37. Kf3 f5 38. Rb6+ 1/2-1/2

[Event "XXVII. Rhein-Main-Open, Gruppe B"]
[Site "Bad Homburg vor der Höhe"]
[Date "2025.06.21"]
[Round "6.12"]
[White "Nahler, Michael"]
[Black "Jacobs, Thomas"]
[Result "1/2-1/2"]
[WhiteElo "1857"]
[BlackElo "1801"]
[PlyCount "131"]
[EventDate "2025.06.18"]
[WhiteTeam "SV Oberursel"]
[BlackTeam "SV 1929 Raunheim"]

1. e4 c5 2. Nf3 d6 3. d4 cxd4 4. Nxd4 Nf6 5. Nc3 a6 6. Be2 e5 7. Nb3 Be7 8. Be3 O-O 9. O-O Be6 10. Kh1 b5 11. a3 Nbd7 12. f3 h5 13. f4 Bg4 14. f5 Nc5 15. Nd2 Rc8 16. h3 Bxe2 17. Qxe2 Ncd7 18. Rad1 Qc7 19. Rg1 Qb7 20. g4 hxg4 21. hxg4 Rxc3 22. bxc3 Nxe4 23. Qg2 Ndc5 24. Bxc5 Nxc5 25. Qxb7 Nxb7 26. Ne4 Rc8 27. g5 Rc4 28. Rg4 Bxg5 29. Rdg1 Bh6 30. Nf6+ Kf8 31. Nd7+ Ke7 32. Rxc4 bxc4 33. Nb6 Kf6 34. Rf1 Bf4 35. Nxc4 Kxf5 36. Rb1 Nc5 37. Nxd6+ Kg6 38. Rb6 f6 39. Rc6 Na4 40. Kg2 Kg5 41. Kf3 Bc1 42. Rxa6 Nxc3 43. Ne4+ Nxe4 44. Kxe4 Bb2 45. a4 f5+ 46. Kf3 e4+ 47. Ke2 Kf4 48. c4 Bd4 49. Rd6 Bc5 50. Rd5 Ba7 51. Rd7 Bb6 52. Rxg7 Ke5 53. Rb7 Bc5 54. Rd7 Ke6 55. Rd5 Ba7 56. a5 f4 57. a6 f3+ 58. Kf1 e3 59. Rd8 Bb6 60. Rd5 Ba7 61. Rd3 Bb6 62. Ra3 Bc5 63. Rb3 Bd4 64. Rd3 Bb6 65. Rd5 Ba7 66. Rd3 1/2-1/2

[Event "XXVII. Rhein-Main-Open, Gruppe B"]
[Site "Bad Homburg vor der Höhe"]
[Date "2025.06.21"]
[Round "6.13"]
[White "Wesener, Joachim"]
[Black "Spiegel, Nina"]
[Result "1/2-1/2"]
[WhiteElo "1753"]
[BlackElo "1696"]
[PlyCount "69"]
[EventDate "2025.06.18"]
[WhiteTeam "SC Hilchenbach"]
[BlackTeam "Sfr Stiller Zug Wiesbaden"]

1. g3 Nf6 2. c4 e6 3. Bg2 d5 4. Nf3 Bd6 5. d4 Nbd7 6. Qc2 c6 7. Nbd2 O-O 8. O-O Re8 9. b3 b6 10. Bb2 Bb7 11. Ne5 Qc7 12. Nxd7 Qxd7 13. c5 bxc5 14. dxc5 Bc7 15. e3 e5 16. Rad1 Ba6 17. Rfe1 Qe7 18. Rc1 e4 19. b4 Nd7 20. Nb3 Bd3 21. Qd2 Be5 22. Ba3 Bf6 23. Bb2 Bxb2 24. Qxb2 Ne5 25. Rc3 Bb5 26. Rd1 Nd3 27. Qa3 Qf6 28. Rc2 Ne5 29. Nd4 Bd3 30. Rc3 Bc4 31. Rc2 Reb8 32. Qc3 Nd3 33. a3 Rb7 34. Qd2 Re8 35. h3 1/2-1/2

[Event "XXVII. Rhein-Main-Open, Gruppe B"]
[Site "Bad Homburg vor der Höhe"]
[Date "2025.06.21"]
[Round "6.14"]
[White "Lopez Fuertes, Victor"]
[Black "Barthel, Bergit"]
[Result "0-1"]
[WhiteElo "1749"]
[BlackElo "1918"]
[PlyCount "74"]
[EventDate "2025.06.18"]
[WhiteTeam "SC 1910 Höchst"]
[BlackTeam "SC Matt im Park Ffm"]

1. e4 d6 2. d4 Nf6 3. Bd3 e5 4. dxe5 dxe5 5. Bb5+ c6 6. Qxd8+ Kxd8 7. Bd3 Nbd7 8. c3 Nc5 9. Bc4 Nfxe4 10. Be3 Be6 11. Bxe6 Nxe6 12. Nf3 f6 13. O-O Bc5 14. Nbd2 Nxd2 15. Rfd1 Bxe3 16. fxe3 Ke7 17. Nxd2 Rhd8 18. b4 Rd3 19. Rac1 Rad8 20. Rc2 Ng5 21. Kf1 Ne4 22. Nxe4 Rxd1+ 23. Ke2 Rh1 24. h3 Rdd1 25. Ng3 Rhe1+ 26. Kf2 Rc1 27. Rd2 Red1 28. Nf5+ Ke6 29. Rxd1 Rxd1 30. Nxg7+ Kd5 31. Ne8 Rd2+ 32. Kg3 f5 33. a4 Ke6 34. a5 Kf7 35. Nc7 Rd7 36. Na8 Rd8 37. Nc7 Rc8 0-1

[Event "XXVII. Rhein-Main-Open, Gruppe B"]
[Site "Bad Homburg vor der Höhe"]
[Date "2025.06.21"]
[Round "6.15"]
[White "Graschdankin, Roman"]
[Black "Henn, Jochen"]
[Result "1-0"]
[WhiteElo "1756"]
[BlackElo "1723"]
[PlyCount "89"]
[EventDate "2025.06.18"]
[WhiteTeam "SK Bad Homburg 1927"]
[BlackTeam "SC Bad Nauheim"]

1. d4 d5 2. Bf4 e6 3. e3 Bd6 4. Bg3 Nf6 5. Nd2 O-O 6. Ngf3 c5 7. c3 Qc7 8. Bd3 Nbd7 9. O-O Bxg3 10. hxg3 e5 11. dxe5 Nxe5 12. Nxe5 Qxe5 13. Nf3 Qh5 14. Nh2 Ng4 15. Nxg4 Qxg4 16. e4 c4 17. Bc2 Qg5 18. Qxd5 Qxd5 19. exd5 Bd7 20. a4 f5 21. Rfe1 Rae8 22. f4 Kf7 23. Re5 Re7 24. Rae1 Rfe8 25. b3 cxb3 26. Bxb3 Kf6 27. Rxe7 Rxe7 28. Rb1 b6 29. Kf2 Re4 30. Rd1 g6 31. d6 Re8 32. Rd4 Rd8 33. Ke3 Be6 34. c4 Bd7 35. a5 Bc6 36. axb6 axb6 37. Rd2 Re8+ 38. Kd4 b5 39. Kc5 bxc4 40. Kxc6 cxb3 41. Kc7 Ra8 42. d7 Ra7+ 43. Kb6 b2 44. d8=Q+ Re7 45. Qf8+ 1-0

[Event "XXVII. Rhein-Main-Open, Gruppe B"]
[Site "Bad Homburg vor der Höhe"]
[Date "2025.06.21"]
[Round "6.16"]
[White "Lebermann, Hellmuth"]
[Black "Graf, Michael"]
[Result "1/2-1/2"]
[WhiteElo "1886"]
[BlackElo "1724"]
[PlyCount "48"]
[EventDate "2025.06.18"]
[WhiteTeam "SK Bad Homburg 1927"]
[BlackTeam "Schachunion Schorndorf e.V."]

1. e4 c5 2. Nf3 e6 3. d4 cxd4 4. Nxd4 a6 5. Be2 Qc7 6. O-O b6 7. Be3 Bb7 8. Nd2 Nf6 9. f3 Bd6 10. h3 h5 11. Nc4 Bc5 12. a4 Nc6 13. c3 d5 14. exd5 Nxd5 15. Bf2 O-O-O 16. Qc2 Nf4 17. Nxc6 Qxc6 18. Ne3 g5 19. b4 Bxb4 20. Nc4 Bc5 21. Rab1 Qc7 22. Nxb6+ Bxb6 23. Bxb6 Nxh3+ 24. Kh1 Qg3 1/2-1/2

[Event "XXVII. Rhein-Main-Open, Gruppe B"]
[Site "Bad Homburg vor der Höhe"]
[Date "2025.06.21"]
[Round "6.18"]
[White "Nichols, Uwe"]
[Black "Xu, Dorothea Sicheng"]
[Result "1-0"]
[WhiteElo "1793"]
[BlackElo "1484"]
[PlyCount "127"]
[EventDate "2025.06.18"]
[WhiteTeam "SV Oberursel"]
[BlackTeam "SK Bad Homburg 1927"]

1. e4 c5 2. Nf3 e6 3. c4 Nc6 4. Nc3 Nge7 5. d4 cxd4 6. Nb5 d5 7. exd5 exd5 8. Nbxd4 Bg4 9. Be3 Nxd4 10. Bxd4 Nc6 11. Bc3 d4 12. Qe2+ Be7 13. O-O-O O-O 14. h3 Re8 15. Qc2 Bg5+ 16. Bd2 Bxf3 17. gxf3 Ne5 18. f4 Nxc4 19. fxg5 Rc8 20. Bxc4 b5 21. Bc3 Qxg5+ 22. Qd2 Qf6 23. Qxd4 Qxd4 24. Rxd4 Rxc4 25. Rhd1 h6 26. Rxc4 bxc4 27. Bd4 a6 28. Kd2 Re4 29. Kc3 Rh4 30. Rh1 g5 31. Kxc4 g4 32. Rg1 f5 33. hxg4 fxg4 34. Bf6 Rh5 35. Rxg4+ Kf7 36. Bd4 Ra5 37. a3 h5 38. Rg7+ Kf8 39. Rh7 Kg8 40. Rh6 Ra4+ 41. Kd5 Ra5+ 42. Bc5 Rb5 43. b4 a5 44. Rxh5 Kg7 45. Kc6 Rb8 46. Bd4+ Kg6 47. Rh8 Rxh8 48. Bxh8 axb4 49. axb4 Kh7 50. Bd4 Kg6 51. b5 Kf5 52. b6 Ke4 53. Be3 Ke5 54. b7 Kf5 55. b8=Q Ke4 56. Qf4+ Kd3 57. Qd4+ Ke2 58. Qe4 Kf1 59. f4 Ke2 60. f5 Ke1 61. f6 Kf1 62. f7 Ke1 63. f8=Q Kd1 64. Qf1# 1-0

[Event "XXVII. Rhein-Main-Open, Gruppe B"]
[Site "Bad Homburg vor der Höhe"]
[Date "2025.06.21"]
[Round "6.19"]
[White "Piacentino, Mirco"]
[Black "Beier, Claus Christian"]
[Result "0-1"]
[WhiteElo "1623"]
[BlackElo "1670"]
[PlyCount "104"]
[EventDate "2025.06.18"]
[WhiteTeam "SV 1934 Ffm-Griesheim"]
[BlackTeam "SK Bad Homburg 1927"]

1. e4 e6 2. d4 d5 3. exd5 exd5 4. c4 c6 5. Nc3 Nf6 6. Bg5 Be7 7. h3 O-O 8. Nf3 Bf5 9. Bd3 Bg6 10. Ne5 dxc4 11. Nxg6 hxg6 12. Bxc4 Qa5 13. Bd2 Nbd7 14. Nd5 Qd8 15. Nxe7+ Qxe7+ 16. Be3 Nb6 17. Qb3 Nxc4 18. Qxc4 Nd5 19. Qb3 Rfe8 20. Kd2 Rad8 21. Rae1 Qe4 22. f3 Qf5 23. Qd3 Qf6 24. h4 Nxe3 25. Rxe3 Qf4 26. Ke2 Rxe3+ 27. Qxe3 Qxd4 28. Qxd4 Rxd4 29. Ke3 Rd5 30. Rc1 Kf8 31. Ke2 Ke7 32. Rc4 Ke6 33. Re4+ Re5 34. Kd3 Rxe4 35. Kxe4 c5 36. g4 f5+ 37. gxf5+ gxf5+ 38. Kf4 Kf6 39. h5 b5 40. a3 a5 41. b3 a4 42. bxa4 bxa4 43. Ke3 Ke5 44. Kd3 Kd5 45. Kc3 c4 46. Kd2 Kd4 47. Kc2 c3 48. Kd1 Kd3 49. Kc1 f4 50. Kd1 Ke3 51. Kc2 Kxf3 52. Kxc3 Ke2 0-1

[Event "XXVII. Rhein-Main-Open, Gruppe B"]
[Site "Bad Homburg vor der Höhe"]
[Date "2025.06.21"]
[Round "6.22"]
[White "Wolf, Helena"]
[Black "Ermel, Alek"]
[Result "1/2-1/2"]
[WhiteElo "1702"]
[BlackElo "1760"]
[PlyCount "75"]
[EventDate "2025.06.18"]
[WhiteTeam "SK Bad Homburg 1927"]

1. e4 c6 2. Nc3 d5 3. Nf3 dxe4 4. Nxe4 Nf6 5. Nxf6+ exf6 6. d4 Bd6 7. Bd3 O-O 8. O-O Bg4 9. h3 Be6 10. c3 Re8 11. Qc2 g6 12. Bd2 Nd7 13. c4 Nf8 14. b3 Qd7 15. Rfe1 g5 16. h4 g4 17. Nh2 Bxh2+ 18. Kxh2 Ng6 19. h5 Qd6+ 20. Kg1 Nf8 21. Bh6 Rad8 22. Bxf8 Kxf8 23. Bxh7 Kg7 24. Bf5 Qxd4 25. Rad1 Bxf5 26. Qxf5 Rxe1+ 27. Rxe1 g3 28. Qf3 gxf2+ 29. Qxf2 Qxf2+ 30. Kxf2 Rd2+ 31. Re2 Rd7 32. Kf3 Kh6 33. g4 Kg5 34. Re8 Rd3+ 35. Re3 Rd2 36. Re7 Rxa2 37. Rxb7 Rb2 38. Rb8 1/2-1/2

[Event "XXVII. Rhein-Main-Open, Gruppe B"]
[Site "Bad Homburg vor der Höhe"]
[Date "2025.06.21"]
[Round "6.23"]
[White "Krombach, Karl-Heinz"]
[Black "Viraj Sarawgi"]
[Result "1-0"]
[WhiteElo "1899"]
[BlackElo "1475"]
[PlyCount "127"]
[EventDate "2025.06.18"]
[WhiteTeam "SC Hilchenbach"]

1. c4 e5 2. Nc3 Nf6 3. d3 Bc5 4. e3 a6 5. a3 Ba7 6. Nf3 Nc6 7. b4 d6 8. h3 h6 9. Bb2 O-O 10. Be2 Ne7 11. Rc1 Ng6 12. Qc2 Bf5 13. g4 Be6 14. g5 hxg5 15. Nxg5 Nh7 16. Nxh7 Kxh7 17. Bf3 c6 18. Kd2 d5 19. h4 e4 20. cxd5 cxd5 21. h5 Ne5 22. Be2 exd3 23. Bxd3+ Nxd3 24. Qxd3+ f5 25. Ne2 a5 26. Nf4 Bd7 27. Ng6 axb4 28. Nxf8+ Qxf8 29. Rcg1 d4 30. Rh4 Qe7 31. Rxd4 Bxd4 32. Qxd4 Rg8 33. axb4 Bc6 34. Ke1 Kh6 35. Qf4+ Kh7 36. Qxf5+ Kh8 37. Qf4 Kh7 38. Qf5+ Kh8 39. Bc3 Qe4 40. Qxe4 Bxe4 41. h6 Bf3 42. Rg3 Bh5 43. Rh3 Rc8 44. Bxg7+ Kh7 45. Rxh5 Rc1+ 46. Kd2 Rb1 47. Rb5 Rf1 48. Ke2 Rg1 49. Rxb7 Kg8 50. Bd4 Rh1 51. h7+ Rxh7 52. Rxh7 Kxh7 53. b5 Kg6 54. b6 Kf5 55. b7 Ke4 56. f3+ Kd5 57. b8=Q Kc4 58. Kd2 Kd5 59. Kd3 Kc6 60. Ke4 Kd7 61. Kd5 Ke7 62. Qb7+ Kf8 63. Ke6 Ke8 64. Qe7# 1-0

[Event "XXVII. Rhein-Main-Open, Gruppe B"]
[Site "Bad Homburg vor der Höhe"]
[Date "2025.06.21"]
[Round "6.24"]
[White "Shanmuganathan, Adhav"]
[Black "Riazi, Dominik"]
[Result "1-0"]
[WhiteElo "1719"]
[BlackElo "1607"]
[PlyCount "109"]
[EventDate "2025.06.18"]
[WhiteTeam "SV 1934 Ffm-Griesheim"]
[BlackTeam "SK Bad Homburg 1927"]

1. e4 e5 2. Nf3 Nc6 3. Bc4 Nf6 4. d3 d5 5. exd5 Nxd5 6. O-O Bc5 7. Re1 O-O 8. Nxe5 Nxe5 9. Rxe5 Bxf2+ 10. Kh1 c6 11. Bxd5 cxd5 12. Qf3 Qc7 13. Re2 Bb6 14. Qxd5 Bg4 15. Re1 Qxc2 16. Nc3 Rfe8 17. Rf1 Be6 18. Qxb7 Rad8 19. Bf4 Qxb2 20. Na4 Qd4 21. Nxb6 axb6 22. Bc7 Rd7 23. Qxb6 Qxd3 24. a4 Bd5 25. Bg3 Qe4 26. Qf2 Rc8 27. Rac1 Rxc1 28. Rxc1 h6 29. a5 Ra7 30. Re1 Qxg2+ 31. Qxg2 Bxg2+ 32. Kxg2 Rxa5 33. Re8+ Kh7 34. Re7 Kg6 35. Re4 f5 36. Rb4 Ra2+ 37. Kf3 h5 38. Rb6+ Kf7 39. Be5 g6 40. Rf6+ Ke7 41. Rxg6 Ra5 42. Kf4 Ra4+ 43. Kxf5 Rh4 44. Bf6+ Kd6 45. Bxh4+ Kd7 46. Ke5 Kc7 47. Rh6 Kd7 48. Rxh5 Kc6 49. Bf2 Kd7 50. Bc5 Ke8 51. Rh7 Kd8 52. Ke6 Kc8 53. Kd6 Kb8 54. Kc6 Ka8 55. Rh8# 1-0

[Event "XXVII. Rhein-Main-Open, Gruppe B"]
[Site "Bad Homburg vor der Höhe"]
[Date "2025.06.21"]
[Round "6.25"]
[White "Glavev, Victor"]
[Black "Stiller, Harald"]
[Result "0-1"]
[WhiteElo "1443"]
[BlackElo "1640"]
[PlyCount "116"]
[EventDate "2025.06.18"]
[WhiteTeam "SK Bad Homburg 1927"]

1. e4 c5 2. Nc3 d6 3. Nf3 Nf6 4. d4 cxd4 5. Nxd4 a6 6. Be3 e5 7. Nf3 Be7 8. Bd3 O-O 9. h3 Be6 10. g4 Nc6 11. Nh4 d5 12. Bd2 dxe4 13. Be2 Nd4 14. Rg1 Nd5 15. Nf5 Nxf5 16. gxf5 Bxf5 17. Bg4 Bg6 18. Bh5 Nxc3 19. bxc3 Qd7 20. Bg4 Qd6 21. Rb1 b5 22. f3 Bh4+ 23. Kf1 Rad8 24. Rg2 e3 25. Re2 exd2 26. Rb2 Qc5 27. Rxd2 Qe3 28. Qe2 Qxe2+ 29. Kxe2 Rxd2+ 30. Kxd2 Rd8+ 31. Ke3 Bg5+ 32. Kf2 Bf4 33. Rb4 Rd2+ 34. Kf1 Rxc2 35. a4 Bd3+ 36. Ke1 g6 37. axb5 Bxb5 38. Re4 Rxc3 39. h4 Re3+ 40. Kd1 Rxe4 41. fxe4 h5 42. Bf3 Bg3 43. Kc2 Bxh4 44. Kc3 Be1+ 45. Kb3 Kg7 46. Kb2 Kf6 47. Kb3 Kg5 48. Kc2 Kf4 49. Bh1 Ba5 50. Kd1 Kg3 51. Kc2 h4 52. Kb3 h3 53. Kc2 Kh2 54. Bf3 Kg1 55. Kb3 h2 56. Kc2 h1=Q 57. Bxh1 Kxh1 58. Kd1 g5 0-1

[Event "XXVII. Rhein-Main-Open, Gruppe B"]
[Site "Bad Homburg vor der Höhe"]
[Date "2025.06.21"]
[Round "6.26"]
[White "Smid, Marcel"]
[Black "Rausch, Pius"]
[Result "0-1"]
[WhiteElo "1631"]
[BlackElo "1541"]
[PlyCount "24"]
[EventDate "2025.06.18"]
[BlackTeam "SK Stadtallendorf"]

1. d4 d5 2. Nf3 Nf6 3. e3 Bf5 4. c4 c6 5. Qb3 Qc7 6. cxd5 cxd5 7. Ne5 Qxc1+ 8. Ke2 Qc2+ 9. Qxc2 Bxc2 10. Na3 Ba4 11. Rc1 Nc6 12. b3 e6 0-1

[Event "XXVII. Rhein-Main-Open, Gruppe B"]
[Site "Bad Homburg vor der Höhe"]
[Date "2025.06.21"]
[Round "6.27"]
[White "Morgen, Andreas"]
[Black "Fonseca, Luis"]
[Result "1/2-1/2"]
[WhiteElo "1766"]
[BlackElo "1794"]
[PlyCount "82"]
[EventDate "2025.06.18"]
[WhiteTeam "SK Marburg 1931/72"]
[BlackTeam "Sabt Frankfurter TV 1860"]

1. e4 c5 2. Nf3 d6 3. c3 Nf6 4. h3 g6 5. Bd3 Bg7 6. Bc2 O-O 7. O-O Nc6 8. d4 cxd4 9. cxd4 Nb4 10. Bb3 a5 11. Nc3 Bd7 12. a3 Na6 13. Be3 Nc7 14. e5 dxe5 15. dxe5 Nfe8 16. Qc1 Bc6 17. Rd1 Qc8 18. Nd5 Nxd5 19. Bxd5 Bxd5 20. Rxd5 Qe6 21. Qd2 Nc7 22. Rxa5 Rfd8 23. Rxa8 Rxa8 24. Bf4 Qd5 25. Qc2 Ne6 26. Bg3 Rd8 27. a4 Bh6 28. b4 Nd4 29. Nxd4 Qxd4 30. Rb1 e6 31. a5 Bd2 32. Qb3 Rc8 33. Qf3 Rc4 34. Qxb7 Rxb4 35. Rxb4 Bxb4 36. a6 Bc5 37. Kh2 Ba7 38. Bh4 Qf4+ 39. Bg3 Qd4 40. Bh4 Qf4+ 41. Bg3 Qd4 1/2-1/2

[Event "XXVII. Rhein-Main-Open, Gruppe B"]
[Site "Bad Homburg vor der Höhe"]
[Date "2025.06.21"]
[Round "6.28"]
[White "Li, Xiao Teng"]
[Black "Müller, Jens"]
[Result "0-1"]
[WhiteElo "1623"]
[BlackElo "1692"]
[PlyCount "56"]
[EventDate "2025.06.18"]
[WhiteTeam "SK Bad Homburg 1927"]
[BlackTeam "SV 1920 Hofheim"]

1. c4 e5 2. Nc3 Nf6 3. g3 d5 4. d4 exd4 5. Qxd4 Nc6 6. Qh4 Be7 7. Qg5 O-O 8. cxd5 Nb4 9. Qd2 Nbxd5 10. Nxd5 Nxd5 11. Bg2 Bb4 12. Nf3 Bxd2+ 13. Nxd2 Nb4 14. O-O c6 15. b3 Be6 16. Ba3 Qxd2 17. Rfd1 Qxe2 18. Bxb4 Rfd8 19. Re1 Qh5 20. Bc3 Bd5 21. Re5 Qg6 22. h4 h6 23. Bh3 Qc2 24. Bd4 Qd3 25. Bf5 Qxd4 26. Rae1 Qc3 27. R1e3 Qa1+ 28. Re1 Qxa2 0-1

[Event "XXVII. Rhein-Main-Open, Gruppe B"]
[Site "Bad Homburg vor der Höhe"]
[Date "2025.06.21"]
[Round "6.31"]
[White "Bensberg, Arno"]
[Black "Peschk, Kathrin"]
[Result "1/2-1/2"]
[WhiteElo "1742"]
[BlackElo "1640"]
[PlyCount "96"]
[EventDate "2025.06.18"]
[WhiteTeam "SC Hilchenbach"]
[BlackTeam "SV 1946 Groß-Gerau"]

1. d4 d5 2. c4 e6 3. Nf3 Nf6 4. g3 c6 5. Bg2 Bd6 6. O-O O-O 7. b3 b5 8. c5 Be7 9. Bb2 a5 10. Nbd2 Nbd7 11. Qc2 Re8 12. Rfe1 Qc7 13. a3 Bd8 14. b4 a4 15. Ne5 Nxe5 16. dxe5 Nd7 17. Nf3 f6 18. exf6 Nxf6 19. Be5 Qd7 20. Rad1 h6 21. Ba1 Qe7 22. Ne5 Bc7 23. Nxc6 Qf8 24. Nd4 Rb8 25. Qd3 Ba6 26. Bh3 Ne4 27. Qf3 Qxf3 28. Nxf3 Rbd8 29. Ne5 Ng5 30. Bg2 Nf7 31. Ng6 Kh7 32. Nh4 Ne5 33. Nf3 Nc4 34. Rd3 e5 35. Rdd1 Nxa3 36. Rc1 Nc4 37. Red1 d4 38. Nd2 Nxd2 39. Rxd2 Bc8 40. Bc6 Bd7 41. Bb7 Be6 42. Bg2 Kh8 43. Be4 Kg8 44. Bc6 Bd7 45. Be4 Be6 46. Bc6 Bd7 47. Be4 Be6 48. Bc6 Bd7 1/2-1/2

[Event "XXVII. Rhein-Main-Open, Gruppe B"]
[Site "Bad Homburg vor der Höhe"]
[Date "2025.06.21"]
[Round "6.32"]
[White "Benz, Jürgen"]
[Black "Moldenhauer, Nils"]
[Result "1/2-1/2"]
[WhiteElo "1676"]
[BlackElo "1639"]
[PlyCount "94"]
[EventDate "2025.06.18"]
[WhiteTeam "SK Bad Homburg 1927"]
[BlackTeam "SV Oberursel"]

1. e4 e5 2. Nf3 Nc6 3. d4 exd4 4. Nxd4 Bc5 5. Be3 Bb6 6. Nc3 d6 7. Bb5 Bd7 8. Nxc6 Bxc6 9. Bxc6+ bxc6 10. Qg4 Qf6 11. O-O Ne7 12. h3 Ng6 13. Rae1 O-O 14. Qe2 Rfe8 15. Qc4 Ne7 16. Kh1 Qe6 17. Qa4 Rad8 18. Bg5 f6 19. Bh4 Kh8 20. f4 h6 21. g4 g5 22. Bg3 Rf8 23. Ne2 Qd7 24. c4 c5 25. Qd1 Qc6 26. Nc3 Rde8 27. Kh2 Ng6 28. Nd5 Qd7 29. b3 c6 30. Nc3 Qc7 31. Qd3 Kg7 32. f5 Ne5 33. Qd2 Rf7 34. Qd1 Rfe7 35. h4 Ba5 36. Re3 Nf7 37. hxg5 hxg5 38. Qc2 Bxc3 39. Qxc3 Rxe4 40. Rxe4 Rxe4 41. Re1 Qe7 42. Kg1 Rxe1+ 43. Bxe1 Qe2 44. Qg3 Qxa2 45. Qd3 Qb2 46. Bf2 Qe5 47. Kg2 Qf4 1/2-1/2

[Event "XXVII. Rhein-Main-Open, Gruppe B"]
[Site "Bad Homburg vor der Höhe"]
[Date "2025.06.21"]
[Round "6.33"]
[White "Saar, Gabriel"]
[Black "Pishnograev, Ilya"]
[Result "1-0"]
[WhiteElo "1729"]
[BlackElo "1615"]
[PlyCount "35"]
[EventDate "2025.06.18"]
[WhiteTeam "SG Wartturm Schaafheim"]
[BlackTeam "SK Bad Homburg 1927"]

1. Nf3 Nf6 2. g3 d5 3. d4 Nc6 4. Bg2 e5 5. Nxe5 Nxe5 6. dxe5 Ng4 7. Qxd5 Qxd5 8. Bxd5 c6 9. Bg2 Nxe5 10. Nc3 Be6 11. Bf4 Bd6 12. O-O-O Bc7 13. a3 h6 14. h4 O-O 15. Na4 b6 16. Bxc6 Nxc6 17. Bxc7 Rac8 18. Bf4 1-0

[Event "XXVII. Rhein-Main-Open, Gruppe B"]
[Site "Bad Homburg vor der Höhe"]
[Date "2025.06.21"]
[Round "6.34"]
[White "Kellermann, Friedrich"]
[Black "Kostadinov, Emanuel"]
[Result "1/2-1/2"]
[WhiteElo "1625"]
[BlackElo "1518"]
[PlyCount "74"]
[EventDate "2025.06.18"]
[WhiteTeam "SC Hilchenbach"]
[BlackTeam "SV 1920 Hofheim"]

1. c4 e5 2. Nc3 Nf6 3. g3 Bc5 4. e3 O-O 5. Nge2 c6 6. Bg2 Re8 7. O-O d5 8. cxd5 cxd5 9. d4 exd4 10. exd4 Bb6 11. Bg5 Be6 12. Nf4 h6 13. Bxf6 Qxf6 14. Nfxd5 Qd8 15. Nxb6 Qxb6 16. b3 Rd8 17. d5 Na6 18. Qe2 Bf5 19. Rad1 Rac8 20. Qe5 Bg6 21. Na4 Qb4 22. Rd4 Qd6 23. Qxd6 Rxd6 24. Rfd1 Rc2 25. R1d2 Nb4 26. a3 Rxd2 27. Rxd2 Nc2 28. Nc5 Nxa3 29. Nxb7 Rd7 30. d6 Nb1 31. Re2 Kf8 32. Bc6 Nc3 33. Rd2 Ne4 34. Rd4 Nxd6 35. Nxd6 Rd8 36. Rd2 Rb8 37. Re2 f6 1/2-1/2

[Event "XXVII. Rhein-Main-Open, Gruppe B"]
[Site "Bad Homburg vor der Höhe"]
[Date "2025.06.21"]
[Round "6.35"]
[White "Yash Sunil Dalal"]
[Black "Lao, Theodora Siyuan"]
[Result "1-0"]
[WhiteElo "1449"]
[BlackElo "1587"]
[PlyCount "109"]
[EventDate "2025.06.18"]
[BlackTeam "SK Bad Homburg 1927"]

1. e4 e5 2. Nf3 Nc6 3. Bb5 a6 4. Ba4 b5 5. Bb3 Nf6 6. d3 h6 7. c3 Be7 8. Nbd2 O-O 9. Nf1 Bb7 10. Ng3 d5 11. Qe2 dxe4 12. dxe4 Na5 13. Bc2 Bd6 14. O-O Re8 15. h3 Nc4 16. Nh2 Qd7 17. Nf5 Be7 18. Ng4 Nd6 19. Nxf6+ Bxf6 20. Qg4 Nxf5 21. exf5 Kf8 22. Be3 Qc6 23. f3 Rad8 24. Be4 Rd5 25. Bxd5 Qxd5 26. Rfd1 Qc6 27. Rf1 Qd5 28. Rfd1 Qc6 29. Bf2 Rd8 30. Rxd8+ Bxd8 31. Rd1 Bg5 32. Qb4+ Ke8 33. Bh4 Bxh4 34. Qxh4 f6 35. Qh5+ Ke7 36. Qg6 Qc5+ 37. Kh2 Bc6 38. Qxg7+ Ke8 39. Qxf6 Bd5 40. Qg6+ Ke7 41. f6+ Ke6 42. f7+ Ke7 43. Qf5 Kf8 44. Qxe5 c6 45. Qe8+ Kg7 46. Qg8+ Kf6 47. f8=Q+ Qxf8 48. Qxf8+ Ke5 49. Rxd5+ Kxd5 50. Qf4 Kc5 51. g4 Kb6 52. Qxh6 Ka5 53. Qxc6 b4 54. Qc5+ Ka4 55. Qxb4# 1-0

[Event "XXVII. Rhein-Main-Open, Gruppe B"]
[Site "Bad Homburg vor der Höhe"]
[Date "2025.06.21"]
[Round "6.39"]
[White "Goodwin, David"]
[Black "Schmid, Herbert"]
[Result "1/2-1/2"]
[WhiteElo "1611"]
[BlackElo "1796"]
[PlyCount "63"]
[EventDate "2025.06.18"]
[WhiteTeam "SV 1920 Kelsterbach"]
[BlackTeam "SK Wertheim"]

1. Nf3 d5 2. g3 c5 3. Bg2 Nc6 4. d3 Nf6 5. Nbd2 e6 6. O-O Bd6 7. Re1 O-O 8. e4 dxe4 9. dxe4 e5 10. Nc4 Bc7 11. Qe2 Bg4 12. Bg5 Nd4 13. Qd3 Nxf3+ 14. Bxf3 Qxd3 15. cxd3 Bxf3 16. Re3 Bh5 17. Bxf6 gxf6 18. g4 Bg6 19. Rf3 b5 20. Ne3 Rad8 21. Nd5 Rxd5 22. exd5 Rd8 23. Rxf6 Rxd5 24. Rc6 Bb6 25. Re1 Bxd3 26. Kg2 Bg6 27. h4 h5 28. g5 e4 29. f4 exf3+ 30. Kxf3 Kg7 31. Re8 Rd2 32. Rcc8 1/2-1/2

[Event "XXVII. Rhein-Main-Open, Gruppe B"]
[Site "Bad Homburg vor der Höhe"]
[Date "2025.06.21"]
[Round "6.41"]
[White "Ghaznavi, Massoud"]
[Black "Röckle, Silas"]
[Result "1-0"]
[WhiteElo "1655"]
[BlackElo "1701"]
[PlyCount "65"]
[EventDate "2025.06.18"]
[WhiteTeam "SV Oberursel"]
[BlackTeam "SF Frankfurt 1921"]

1. c4 e6 2. e4 d5 3. exd5 exd5 4. Nc3 dxc4 5. Bxc4 Nf6 6. Qb3 Qd7 7. Nge2 Bd6 8. O-O O-O 9. d4 Nc6 10. Bb5 Qg4 11. h3 Qg6 12. Nd1 Bxh3 13. Qxh3 Qe4 14. Bd3 Qd5 15. Ndc3 Qa5 16. a3 Rfe8 17. Be3 Qh5 18. Qxh5 Nxh5 19. Nb5 Rad8 20. Rac1 Nf6 21. Bg5 Rd7 22. Bxf6 gxf6 23. Rfe1 a6 24. Nbc3 Bf8 25. d5 Ne5 26. Bf5 Rd6 27. Rcd1 Nc4 28. Ne4 Rb6 29. d6 Rxd6 30. Rxd6 Rxe4 31. Rxf6 Rxe2 32. Rxe2 Kg7 33. Bd3 1-0